=LDR 00000nam 2200000 4500 =001 000234 =990 ##$$a TBM202500044 =005 20250710115828 =035 ##$$a 0010-0725000058 =245 1#$$a Legenda Pahlawan Vietnam : $b Trung Bersaudara /$c Vu Thi Kim Ha =100 #$$a Ha, Vu Thi Kim =250 ##$$a Cetakan Pertama =300 ##$$a 12 hlm. : $b ilus. ; $c 22,9 cm =856 ##$$a TBM As Suhada =260 ##$$a Jakarta Timur :$b Badan Pengembangan dan Pembinaan Bahasa,$c 2024 =082 ##$$a 398.209 597 =084 ##$$a 398.209 597 HA, l =020 ##$$a 978-623-307-525-8 =650 #4$$a Cerita Anak Indonesia-Terjemahan =650 #4$$a Literasi-Bahan Bacaan